The creation and managment of joint export marketing groups
Saved in:
| Institution som forfatter: | |
|---|---|
| Format: | Bog |
| Sprog: | engelsk |
| Udgivet: |
Ginebra
International Trade Centre
1973
|
| Fag: | |
| Tags: |
Tilføj Tag
Ingen Tags, Vær først til at tagge denne postø!
|
MARC
| LEADER | 00000nam a2200000 a 4500 | ||
|---|---|---|---|
| 001 | UCR5382 | ||
| 003 | CL-VaPUC | ||
| 008 | 980327e19730000SZ |||||||||||||||||eng|d | ||
| 082 | 0 | 4 | |a 382.6 |b INT |2 21 |
| 110 | 2 | |a International Trade Centre UNCTAD-GATT |e author |9 406257 | |
| 245 | 1 | 4 | |a The creation and managment of joint export marketing groups |
| 300 | |a 272 p | ||
| 942 | |c BK | ||
| 945 | |d 19980327 00:00:00 |a crobeson | ||
| 260 | |a Ginebra |b International Trade Centre |c 1973 | ||
| 650 | 7 | |a COMERCIO INTERNACIONAL |2 CL-VaPUC |9 406258 | |
| 650 | 7 | |a CONSORCIOS |2 CL-VaPUC |9 406259 | |
| 650 | 0 | |a Exportación |9 351066 | |
| 583 | |a last modification |c 19980327 00:00:00 |k Rodrigo Vera | ||
| 999 | |c 267990 |d 267988 | ||
| 952 | |0 0 |1 0 |4 0 |6 382_600000000000000_INT_1973 |7 0 |8 A |9 300841 |a BIBALI |b BIBALI |c GEN |d 2019-11-20 |i 1969471 |o 382.6 INT 1973 |p 1969471 |r 2025-01-20 |w 2019-11-20 |y BK |k ALI | ||